| 000 | 00697nam a2200205 i 4500 | ||
|---|---|---|---|
| 001 | 45725 | ||
| 003 | ES-MaACL | ||
| 005 | 20250418063150.0 | ||
| 007 | t| | ||
| 008 | 030326s1973 sp ||||1| spa d | ||
| 100 | 1 |
_aComín Colomer, Eduardo, _d1908-1975 _940010 _eaut |
|
| 245 | 1 | 3 |
_aEl 5º regimiento de milicias populares / _cEduardo Comín Colomer. |
| 260 |
_aMadrid : _bSan Martín, _c[1973] |
||
| 300 |
_a331 p., 16 lám. ; _c21 cm. |
||
| 610 | 0 | 4 |
_aEspaña. _bRegimiento de Milicias Populares, 5º. _93956 |
| 740 | 3 | _aEl quinto regimiento de milicias populares. | |
| 852 |
_aES-MaACL _jC-55998 _bR.88516 _cDEPO2 |
||
| 942 |
_2udc _cMONOGRAFIA |
||
| 999 |
_c45725 _d45725 |
||